[Event "Breizh Masters A"]
[Site "Guingamp FRA"]
[Date "2008.02.25"]
[Round "4"]
[White "Benitah,Y"]
[Black "Flear,G"]
[Result "1-0"]
[WhiteElo "2413"]
[BlackElo "2493"]

1.d4 d5 2.c4 c6 3.e3 Nf6 4.Nc3 e6 5.Nf3 Nbd7 6.Qc2 Bd6 7.g4 Nxg4 8.Rg1 Qf6
9.Rxg4 Qxf3 10.Rxg7 Nf6 11.Rg5 Ne4 12.Nxe4 Qxe4 13.Qxe4 dxe4 14.Rh5 f6 15.Bd2 e5
16.Rh4 exd4 17.Rxe4+ Kf7 18.c5 Bf5 19.Bc4+ Kg6 20.Rh4 Bxc5 21.O-O-O h5 22.exd4 Be7
23.Rg1+ Bg4 24.f3 f5 25.Rh3 Bd6 26.Bd3 Kf6 27.fxg4 hxg4 28.Rxh8 Rxh8 29.Rf1 Rxh2
30.Bxf5 g3 31.Be4+ Ke6 32.Kd1 Bc7 33.Bc3 Bd6 34.Rg1  1-0

[Event "XI Open"]
[Site "Malaga ESP"]
[Date "2008.02.25"]
[Round "4"]
[White "Ortega Ruiz,J"]
[Black "Ladron de Guevara Pinto,M"]
[Result "1-0"]
[WhiteElo "2290"]
[BlackElo "2067"]

1.d4 d5 2.c4 e6 3.Nc3 Nf6 4.Nf3 c6 5.e3 Be7 6.Bd3 dxc4 7.Bxc4 b5 8.Be2 a6
9.O-O O-O 10.Ne5 Bb7 11.Bf3 Qb6 12.a4 Nbd7 13.Nxd7 Nxd7 14.e4 Nf6 15.a5 Qc7
16.e5 Nd5 17.Ne4 c5 18.Nxc5 Bxc5 19.dxc5 Qxc5 20.Be4 Nc3 21.Bxh7+ Kxh7 22.Qh5+ Kg8
23.bxc3 Rfd8 24.Ba3 Qc6 25.Qg4 Qe4 26.Qxe4 Bxe4 27.Rfd1 Rxd1+ 28.Rxd1 Bd5
29.Bb4 Rc8 30.Rd4 Rc4 31.Rxc4 bxc4 32.f4 Kh7 33.Kf2 Kg6 34.g4 f6 35.exf6 Kxf6
36.Bd6 g5 37.Be5+ Kg6 38.fxg5 Kxg5 39.Kg3 Bc6 40.h4+ Kh6 41.h5 Kg5 42.Bd4 e5
43.Bxe5 Be8 44.Bf4+ Kf6 45.Kh4 Bd7 46.Be3 Be6 47.Bd4+ Kf7 48.g5  1-0

[Event "25th Festival Open A"]
[Site "Bled SLO"]
[Date "2008.02.26"]
[Round "5"]
[White "Jeraj,Z"]
[Black "Kozamernik,J"]
[Result "1/2-1/2"]
[WhiteElo "2135"]
[BlackElo "2221"]

1.d4 d5 2.Nf3 Nf6 3.c4 c6 4.e3 e6 5.Nc3 Nbd7 6.Bd3 dxc4 7.Bxc4 b5 8.Be2 b4
9.Na4 Bb7 10.O-O c5 11.dxc5 Nxc5 12.Nxc5 Bxc5 13.Qa4+ Ke7 14.Bd2 Qb6 15.Rac1 Bd6
16.Rfd1 Rhc8 17.Nd4 a5 18.a3 Ne4 19.Be1 g6 20.Rxc8 Rxc8 21.axb4 Bxb4 22.Bxb4+ Qxb4
23.Qxb4+ axb4 24.f3 Nd6 25.Kf2 e5 26.Nb5 Nxb5 27.Bxb5 Rc2+ 28.Ke1 Bc8 29.Rd2 Rc1+
30.Ke2 Be6 31.Kd3 Kd6 32.Rc2 Bf5+ 33.e4 Rxc2 34.Kxc2 Be6 35.Kd3 Kc5 36.Ba6 Ba2
37.h4 f6 38.g3 h6 39.Ke3 Bc4 40.Bc8 Bf1 41.Kf2 Bc4 42.Ke3 Bf7 43.Kd3 Be8
44.Be6 Bb5+ 45.Ke3 Bf1 46.Bc8  1/2-1/2

[Event "Breizh Masters A"]
[Site "Guingamp FRA"]
[Date "2008.02.26"]
[Round "5"]
[White "Flear,G"]
[Black "Vernay,C"]
[Result "1-0"]
[WhiteElo "2493"]
[BlackElo "2391"]

1.d4 d5 2.c4 c6 3.Nc3 Nf6 4.Nf3 e6 5.e3 Nbd7 6.a3 Bd6 7.b4 a6 8.Bb2 O-O 9.Qc2 Qe7
10.Be2 dxc4 11.Bxc4 e5 12.Ba2 exd4 13.Nxd4 Ne5 14.O-O Ng6 15.Nf5 Bxf5 16.Qxf5 Rad8
17.h3 Be5 18.Rfd1 c5 19.bxc5 Qxc5 20.Kh1 Ne7 21.Qc2 Rc8 22.Rac1 Bb8 23.Qe2 Qc7
24.g3 Qa5 25.Qf3 Rc6 26.Ne4 Nxe4 27.Qxe4 Rxc1 28.Rxc1 Nc6 29.Kg2 Qd8 30.Bd5 a5
31.Bxc6 bxc6 32.Rxc6 f6 33.Rc5 Bxg3 34.Qe6+ Kh8 35.Kxg3 Qb8+ 36.Be5 fxe5
37.Qxe5 Qb7 38.Qd5 Qb2 39.Qf5 Qb8+ 40.Qe5 Qb7 41.e4 Qb3+ 42.Rc3 Qb2 43.f4 Qd2
44.Rf3 h6 45.Qc3 Qd6 46.e5 Qg6+ 47.Kf2 Rd8 48.f5 Qg5 49.f6 gxf6 50.exf6 Qd2+
51.Qxd2 Rxd2+ 52.Ke3 Ra2 53.Kf4 Kg8 54.Kg4 a4 55.h4 Kf7 56.Kh5 Rb2 57.Rf4 Rb5+
58.Kxh6 Ra5 59.h5  1-0

[Event "XI Open"]
[Site "Malaga ESP"]
[Date "2008.02.26"]
[Round "5"]
[White "Jovanic,O"]
[Black "Ortega Ruiz,J"]
[Result "1/2-1/2"]
[WhiteElo "2491"]
[BlackElo "2290"]

1.d4 d5 2.c4 c6 3.Nc3 Nf6 4.e3 e6 5.Nf3 Nbd7 6.Bd3 Bd6 7.O-O O-O 8.e4 dxc4
9.Bxc4 e5 10.Re1 exd4 11.Nxd4 Ne5 12.Be2 Nfg4 13.Bxg4 Bxg4 14.f3 Bc5 15.Be3 Nc4
16.Nc2 Nxe3 17.Nxe3 Qg5 18.Qe2 Bh3 19.Nd1 Rad8 20.g4 h5 21.Nf2 hxg4 22.fxg4 Bxg4
23.Qxg4 Bxe3 24.Qxg5 Bxg5 25.Re2 Rd2 26.Rxd2 Bxd2 27.Rd1 Rd8 28.Kg2 Ba5 29.Rd3 Rxd3
30.Nxd3 Bc7 31.h3 Kf8 32.Kf3 Ke7 33.e5 f6 34.exf6+ Kxf6 35.Ke4 Bd6 36.a4 Kg5
37.Kf3 Kf5 38.Ke3 c5 39.b3 b6 40.Nb2 Ke5 41.Nc4+ Kd5 42.Kd3 Bf4 43.Na3 a6
44.Nc4 b5 45.axb5 axb5 46.Na3 Kc6 47.Nc2 Bc1 48.Ke4 Bb2 49.Ne3 Bd4 50.Nc2 Bf6
51.Ne3 g6 52.Kd3 Bd4 53.Nc2 Bb2 54.Ke4 Kd6 55.Ne3 Ke6 56.Nd5 Be5 57.Ne3 Kd6
58.Kd3 Bf4 59.Nc2 Bc1 60.Ke4 Ke6 61.Ne1 c4 62.bxc4 bxc4 63.Nc2 Bd2 64.Nd4+ Kf6
65.h4 Be1 66.Kd5 c3 67.Kc4 Kg7 68.Kd3 Kh6 69.Ne6 Bd2 70.Kc2 Kh7 71.Kd3 Kg8
72.Nd4 Kg7 73.Nf3 Kf6 74.Nxd2 cxd2 75.Kxd2  1/2-1/2

[Event "ch-ROU"]
[Site "Cluj ROU"]
[Date "2008.02.27"]
[Round "4"]
[White "Sava,Ca"]
[Black "Manea,Al"]
[Result "0-1"]
[WhiteElo "2134"]
[BlackElo "2380"]

1.Nf3 d5 2.d4 c6 3.e3 Nf6 4.c4 e6 5.Nc3 Nbd7 6.Bd3 dxc4 7.Bxc4 b5 8.Bd3 Bb7
9.O-O a6 10.a4 b4 11.Ne4 c5 12.Nxf6+ Nxf6 13.dxc5 Bxc5 14.Be2 Qe7 15.Nd2 e5
16.Re1 O-O 17.Nf1 Rfd8 18.Qb3 Rac8 19.Bc4 Ne4 20.f3 Nd6 21.Bd5 Bxd5 22.Qxd5 e4
23.b3 Bb6 24.Ra2 Rc5 25.Qd2 exf3 26.Qxb4 Rxc1  0-1

[Event "24th Open"]
[Site "Bad Woerishofen GER"]
[Date "2008.02.28"]
[Round "1"]
[White "Skembris,S"]
[Black "Taufratshofer,M"]
[Result "1-0"]
[WhiteElo "2469"]
[BlackElo "2038"]

1.d4 d5 2.c4 e6 3.Nf3 c6 4.e3 Nf6 5.Nc3 Nbd7 6.Qc2 Bd6 7.b3 O-O 8.Be2 Re8
9.O-O b6 10.e4 e5 11.cxd5 cxd5 12.Nb5 Bb8 13.Qc6 a6 14.Qxa8 axb5 15.dxe5 dxe4
16.exf6 exf3 17.Bxf3 Qxf6 18.Be3 Be5 19.Rad1 Nc5 20.Qc6 Qe7 21.Qxb5 Ne4 22.Bxe4 Qh4
23.f4  1-0

[Event "3rd l'Ouest Toulousain Open"]
[Site "Colomiers FRA"]
[Date "2008.02.28"]
[Round "5"]
[White "Abbasov,F"]
[Black "Collas,D"]
[Result "1-0"]
[WhiteElo "2519"]
[BlackElo "2441"]

1.d4 d5 2.c4 e6 3.Nc3 c6 4.e3 Nf6 5.Nf3 Nbd7 6.Qc2 Bd6 7.Be2 O-O 8.O-O dxc4
9.Bxc4 b5 10.Be2 Bb7 11.Rd1 Qc7 12.Bd2 a6 13.b4 a5 14.a3 axb4 15.axb4 Nd5
16.Rac1 Rfc8 17.Qb1 Nxc3 18.Bxc3 g6 19.Be1 Qd8 20.Nd2 Qe7 21.Ne4 Bc7 22.Bc3 Ra4
23.Rd2 Rca8 24.Bf3 R8a6 25.Bd1 Ra3 26.Bb2 Qxb4 27.Bxa3 Qxa3 28.Bb3 Qe7 29.h3 Bb8
30.Ra2 Rxa2 31.Qxa2 Kg7 32.Bd1 e5 33.Nc5 Nxc5 34.dxc5 e4 35.Qa1+ Kh6 36.Bb3 Bc8
37.Qh8 Qc7 38.Qf8+ Kg5 39.h4+ Kf6 40.g3  1-0

[Event "Breizh Masters A"]
[Site "Guingamp FRA"]
[Date "2008.02.28"]
[Round "7"]
[White "Le Roux,JP"]
[Black "Flear,G"]
[Result "1/2-1/2"]
[WhiteElo "2491"]
[BlackElo "2493"]

1.d4 d5 2.Nf3 Nf6 3.c4 c6 4.Nc3 e6 5.e3 Nbd7 6.Qc2 Bd6 7.b3 O-O 8.Be2 dxc4
9.bxc4 e5 10.Bb2 Re8 11.O-O-O exd4 12.Nxd4 Nc5 13.h3 Qe7 14.g4 Nfe4 15.Nxe4 Nxe4
16.Bd3 Ba3 17.Bxe4 Bxb2+ 18.Kxb2 Qxe4 19.Qxe4 Rxe4 20.Rd3  1/2-1/2

[Event "58th ch-RUS w 1st liga"]
[Site "Smolensk RUS"]
[Date "2008.02.28"]
[Round "2"]
[White "Lupik,M"]
[Black "Kuular,V"]
[Result "1-0"]
[WhiteElo "2222"]
[BlackElo "2122"]

1.Nf3 Nf6 2.c4 e6 3.Nc3 d5 4.d4 c6 5.e3 Nbd7 6.Bd3 dxc4 7.Bxc4 b5 8.Bd3 Bb7
9.O-O a6 10.a4 Be7 11.Qe2 b4 12.Ne4 c5 13.Nxf6+ Bxf6 14.dxc5 Nxc5 15.Bc2 O-O
16.e4 a5 17.e5 Be7 18.Rd1 Qc7 19.Nd4 Nd7 20.Bf4 Bc5 21.Rac1 Qb6 22.Nf3 Rfd8
23.Bg5 f6 24.exf6 gxf6 25.Bh4 Kg7 26.Ng5 Nf8 27.Rxd8 Qxd8 28.Qg4 fxg5 29.Qxg5+ Ng6
30.Qf6+ Kg8 31.Qxd8+ Rxd8 32.Bxd8 Nf4 33.Bxh7+  1-0

[Event "24th Open"]
[Site "Bad Woerishofen GER"]
[Date "2008.02.29"]
[Round "2"]
[White "Iotov,V"]
[Black "Ballon,G"]
[Result "1-0"]
[WhiteElo "2495"]
[BlackElo "2159"]

1.d4 d5 2.Nf3 Nf6 3.c4 c6 4.Nc3 e6 5.e3 Nbd7 6.Bd3 Bd6 7.e4 dxc4 8.Bxc4 e5
9.dxe5 Nxe5 10.Nxe5 Bxe5 11.Qxd8+ Kxd8 12.Bxf7 Bxc3+ 13.bxc3 Nxe4 14.O-O Rf8
15.Rd1+ Kc7 16.Bf4+ Kb6 17.Be3+ Ka6 18.Bc4+ b5 19.Bd3 Nxc3 20.Rdc1 Nd5 21.Rxc6+ Kb7
22.Rac1 Nxe3 23.fxe3 Bf5 24.Bxb5 a6 25.Be2 Rf7 26.Bf3 Raf8 27.Bd5 Rd7 28.Rf6+ Rxd5
29.Rxf8  1-0

[Event "Breizh Masters A"]
[Site "Guingamp FRA"]
[Date "2008.02.29"]
[Round "8"]
[White "Benitah,Y"]
[Black "Terrieux,K"]
[Result "1-0"]
[WhiteElo "2413"]
[BlackElo "2363"]

1.d4 d5 2.c4 c6 3.Nf3 Nf6 4.Nc3 e6 5.e3 Nbd7 6.Bd3 dxc4 7.Bxc4 b5 8.Bd3 a6
9.e4 c5 10.d5 c4 11.Bc2 e5 12.O-O Bd6 13.Ne2 Nh5 14.a4 Rb8 15.axb5 axb5 16.Be3 O-O
17.Qd2 Nb6 18.h3 f5 19.Ng3 fxe4 20.Bxe4 Nf6 21.Ng5 Nxe4 22.N3xe4 h6 23.Ne6 Bxe6
24.dxe6 Be7 25.Qe2 Qe8 26.Qg4 Kh7 27.Ra7 Nc8 28.Rc7 Qg6 29.Rd1 h5 30.Qxg6+ Kxg6
31.g4 hxg4 32.hxg4 Bd8 33.Rcd7 Bf6 34.Rc7 Re8 35.Rdd7 Rxe6 36.Nxf6  1-0

[Event "XI Open"]
[Site "Malaga ESP"]
[Date "2008.02.29"]
[Round "8"]
[White "Ortega Ruiz,J"]
[Black "Amate Tortosa,B"]
[Result "1-0"]
[WhiteElo "2290"]
[BlackElo "2137"]

1.d4 d5 2.c4 c6 3.Nf3 Nf6 4.e3 e6 5.Nc3 Nbd7 6.Bd3 dxc4 7.Bxc4 b5 8.Bd3 Bb7
9.e4 Qa5 10.O-O b4 11.Na4 Ba6 12.b3 Bxd3 13.Qxd3 h6 14.Bb2 Be7 15.Rac1 Qb5
16.Qxb5 cxb5 17.Nc5 Nxc5 18.dxc5 Nxe4 19.Bxg7 Rh7 20.Bd4 Rc8 21.c6 f5 22.Rfe1 Bd6
23.Be5 Bc5 24.Rxe4 fxe4 25.Rxc5 exf3 26.gxf3 a6 27.f4 Rf7 28.Kg2 Rf5 29.Kf3 Rh5
30.Rc1 Rh3+ 31.Ke4 Rc3 32.Bxc3 Rxc6 33.Kd3 bxc3 34.Rxc3 Rd6+ 35.Ke3 Kf7 36.Rc8 Kf6
37.h3 Kg6 38.Rc5 Kf6 39.h4 Kg6 40.a4 bxa4 41.bxa4 Kf6 42.a5 Kg6 43.Ke4 Kf6
44.f3 Rd1 45.Rc6 Re1+ 46.Kd3 Rh1 47.Rxa6 Rh2 48.Ke4 Rh1 49.f5 Re1+ 50.Kf4 Ra1
51.Rxe6+ Kg7 52.Rg6+ Kf7 53.a6 Ra4+ 54.Kg3 h5 55.f4 Ra5 56.Rh6  1-0

[Event "58th ch-RUS w 1st liga"]
[Site "Smolensk RUS"]
[Date "2008.02.29"]
[Round "3"]
[White "Savina,A"]
[Black "Romanko,M"]
[Result "1-0"]
[WhiteElo "2202"]
[BlackElo "2322"]

1.d4 d5 2.c4 c6 3.Nc3 Nf6 4.e3 e6 5.Nf3 Nbd7 6.Qc2 Bd6 7.g4 h6 8.Bd2 b5 9.cxd5 exd5
10.Rg1 Nb6 11.b3 Bd7 12.g5 hxg5 13.Rxg5 b4 14.Ne2 Ne4 15.Rg2 Qf6 16.Neg1 g5
17.Bd3 Nxd2 18.Nxd2 Rxh2 19.Rxh2 Bxh2 20.O-O-O Qxf2 21.Ngf3 Bg3 22.Re1 Bh4
23.Rf1 Qg3 24.Ne5 Qxe3 25.Nxd7 Nxd7 26.Qxc6 Rd8 27.Qxd5 Rc8+ 28.Bc4 Qe6 29.Qb5 f6
30.Qxb4 Qe3 31.Qb7 Kd8 32.Rf3 Qxd4 33.Kc2 Ne5 34.Rxf6 Nd7 35.Rg6 Rc5 36.Rg8+ Ke7
37.Qa8 Re5 38.Rg7+ Kd6 39.Qb7 Re7 40.Rg6+  1-0

[Event "25th Festival Open A"]
[Site "Bled SLO"]
[Date "2008.03.01"]
[Round "9"]
[White "Jeraj,Z"]
[Black "Gjuran,D"]
[Result "1/2-1/2"]
[WhiteElo "2135"]
[BlackElo "2309"]

1.d4 d5 2.Nf3 Nf6 3.c4 c6 4.e3 e6 5.Nc3 Nbd7 6.a3 Bd6 7.Be2 O-O 8.O-O a6
9.Qc2 dxc4 10.Bxc4 c5 11.dxc5 Bxc5 12.b4 Be7 13.Bb2 b5 14.Be2 Bb7 15.Rfd1 Qc7
16.Rac1 Rac8 17.Qb3 Qb8 18.h3 Nb6 19.Nd4 Nc4 20.Ba1 Qa8 21.Bf3 Rfd8 22.a4 Bxf3
23.Nxf3 Rxd1+ 24.Rxd1 bxa4 25.Qxa4 Nb6 26.Qa5 Nc4 27.Qa4 Nb6 28.Qa5 Nbd5
29.Nxd5 Nxd5 30.b5 axb5 31.Qxb5 Bf6  1/2-1/2

[Event "25th Festival Open A"]
[Site "Bled SLO"]
[Date "2008.03.01"]
[Round "9"]
[White "Kosir,F"]
[Black "Bulatovic,M"]
[Result "0-1"]
[WhiteElo "2107"]
[BlackElo "2031"]

1.d4 Nf6 2.Nf3 d5 3.c4 e6 4.Nc3 c6 5.e3 Nbd7 6.Qc2 Be7 7.b3 a6 8.Bd3 b5 9.O-O Bb7
10.Bb2 O-O 11.Rfe1 dxc4 12.bxc4 bxc4 13.Bxc4 c5 14.Be2 Qa5 15.Qa4 Qb4 16.Ba3 Qxc3  0-1

[Event "FSGM March"]
[Site "Budapest HUN"]
[Date "2008.03.01"]
[Round "1"]
[White "Bui Vinh"]
[Black "Porat,I"]
[Result "1-0"]
[WhiteElo "2482"]
[BlackElo "2272"]

1.d4 d5 2.c4 c6 3.Nc3 Nf6 4.e3 e6 5.Nf3 Nbd7 6.Bd3 dxc4 7.Bxc4 b5 8.Be2 Bb7
9.O-O Be7 10.e4 b4 11.e5 bxc3 12.exf6 Bxf6 13.bxc3 O-O 14.Rb1 Qc8 15.Ba3 Rd8
16.Qa4 Nb6 17.Qc2 Ba6 18.Rfd1 Bc4 19.Bxc4 Nxc4 20.Bc5 a5 21.Qe2 Qa6 22.Re1 h6
23.h3 Rd5 24.Rb3 g6 25.Reb1 Rdd8 26.Rb7 e5 27.Qe4 Re8 28.Qg4 Rad8 29.Ra7 Qc8
30.Qxc8 Rxc8 31.Rbb7 exd4 32.cxd4 Ra8 33.Rxf7 Rxa7 34.Rxa7 Re2 35.a3 Nd2
36.Rxa5 Nxf3+ 37.gxf3 Bh4 38.Ra6 Bxf2+ 39.Kf1 Rc2 40.a4 Kf7 41.a5 Bh4 42.Rxc6 Rf2+
43.Kg1 Re2 44.f4 Rc2 45.Rd6 Bg3 46.a6 Bxf4 47.a7 Bxd6 48.a8=Q  1-0

[Event "II ch-Ibero-Americano Gp B"]
[Site "Linares ESP"]
[Date "2008.03.01"]
[Round "3"]
[White "Bruzon Batista,L"]
[Black "Vescovi,G"]
[Result "1/2-1/2"]
[WhiteElo "2607"]
[BlackElo "2617"]

1.d4 d5 2.c4 c6 3.Nc3 Nf6 4.e3 e6 5.Nf3 Nbd7 6.Bd3 dxc4 7.Bxc4 b5 8.Bd3 Bd6
9.O-O O-O 10.e4 e5 11.Ne2 Bb7 12.Bg5 Re8 13.Rc1 a6 14.Bb1 Rc8 15.Ng3 exd4
16.Nxd4 h6 17.Be3 Bf8 18.Ndf5 Ne5 19.Qe2 c5 20.Rfd1 Qb6 21.f3 Nc4 22.Bf2 Nd5
23.Qc2 Nf4 24.Ne3 Nxe3 25.Bxe3 Qc7 26.Qf2 c4 27.Bb6 Qc6 28.Be3 Qc7 29.Bb6 Qc6
30.Be3  1/2-1/2

[Event "58th ch-RUS w 1st liga"]
[Site "Smolensk RUS"]
[Date "2008.03.01"]
[Round "4"]
[White "Romanko,M"]
[Black "Yakupova,A"]
[Result "1-0"]
[WhiteElo "2322"]
[BlackElo "2003"]

1.d4 d5 2.c4 e6 3.Nf3 c6 4.e3 Nf6 5.Nc3 Bd6 6.Qc2 Nbd7 7.g4 Bb4 8.Bd2 Qe7
9.Rg1 Bxc3 10.Bxc3 Ne4 11.Bd3 Nxc3 12.Qxc3 dxc4 13.Bxc4 b5 14.Bd3 Bb7 15.Be4 O-O
16.Qc2 Nf6 17.Nd2 e5 18.g5 Nxe4 19.Nxe4 Kh8 20.Qc5 Rfe8 21.O-O-O exd4 22.Rxd4 Qxc5+
23.Nxc5 Bc8 24.e4 Be6 25.a3 Kg8 26.f4 g6 27.h4 a5 28.b3 Kf8 29.Rd6 Rac8 30.Kb2 Rc7
31.h5 Ke7 32.Rd4 Ra7 33.h6 f5 34.gxf6+ Kxf6 35.Rd6 Rae7 36.Rxc6 Rc8 37.Rxc8 Bxc8
38.Rd1 Rc7 39.b4 axb4 40.axb4 Ke7 41.Ra1 Bg4 42.Ra8 Be2 43.Kc3 Bc4 44.Kd4 Kf6
45.Ra6+ Ke7 46.Rb6 Ra7 47.Ke5 Kf7 48.Rb7+ Rxb7 49.Nxb7 Ke7 50.Nd6 Be2 51.Nc8+ Kf7
52.Nb6  1-0

[Event "24th Open"]
[Site "Bad Woerishofen GER"]
[Date "2008.03.02"]
[Round "4"]
[White "Bronznik,V"]
[Black "Trabert,B"]
[Result "1/2-1/2"]
[WhiteElo "2377"]
[BlackElo "2258"]

1.d4 d5 2.c4 e6 3.Nc3 c6 4.e3 Nf6 5.Nf3 Nbd7 6.Qc2 Bd6 7.e4 Nxe4 8.Nxe4 dxe4
9.Qxe4 Bb4+ 10.Bd2 Bxd2+ 11.Nxd2 O-O 12.O-O-O c5 13.Nf3 cxd4 14.Qxd4 Qa5
15.Kb1 Qc5 16.Bd3 Qxd4 17.Nxd4 Nc5 18.Bc2 e5 19.Nb5 Be6 20.Nc7 Rac8 21.Nxe6 Nxe6
22.Rd7 Nc5 23.Rd5 f6 24.b4 Na6 25.a3 g6 26.c5 Kg7 27.Rhd1 Nb8 28.Bb3 Rc7
29.Kb2 a6 30.Rd6 Re8 31.Bd5 f5 32.f3 Ree7 33.Kc3 Nd7 34.Be6 Nf6 35.Re1 e4
36.f4 Ne8 37.Rb6 Nf6 38.Kd4 Ng4 39.h3 Nf6 40.g4 fxg4 41.hxg4 h6 42.Ke3 g5
43.fxg5 hxg5 44.Rd1 Re8 45.Rdd6 Rh8 46.Bf5 Rh3+ 47.Ke2 Rf7 48.Be6 Re7 49.Bc8 Rh2+
50.Ke3 Rh3+ 51.Ke2  1/2-1/2

[Event "TCh-HUN 2007-8"]
[Site "Budapest HUN"]
[Date "2008.03.02"]
[Round "7"]
[White "Khenkin,I"]
[Black "Chernin,A"]
[Result "1/2-1/2"]
[WhiteElo "2600"]
[BlackElo "2587"]

1.d4 d5 2.c4 c6 3.e3 Nf6 4.Nc3 e6 5.Nf3 Nbd7 6.Qc2 Bd6 7.Bd3 O-O 8.O-O dxc4
9.Bxc4 Qe7 10.a3 e5 11.h3 Rb8 12.Bd2 h6 13.Ba2  1/2-1/2

[Event "58th ch-RUS w 1st liga"]
[Site "Smolensk RUS"]
[Date "2008.03.02"]
[Round "5"]
[White "Savina,A"]
[Black "Semenova,In"]
[Result "1-0"]
[WhiteElo "2202"]
[BlackElo "2086"]

1.d4 d5 2.c4 c6 3.Nc3 Nf6 4.e3 e6 5.Nf3 Nbd7 6.Qc2 Be7 7.Bd3 a6 8.b3 c5 9.O-O O-O
10.Bb2 Bd6 11.Rad1 b6 12.cxd5 exd5 13.e4 cxd4 14.Nxd5 Bb7 15.Bxd4 Nxd5 16.exd5 Nf6
17.Bxf6 Qxf6 18.Bxh7+ Kh8 19.Be4 Rac8 20.Qd2 Rfe8 21.Rfe1 g6 22.Qg5 Kg7 23.Qxf6+ Kxf6
24.Nd4 Re5 25.Nc6 Rh5 26.h3 Rhh8 27.Bf3 g5 28.Rd3 b5 29.Rde3 Bc5 30.Rd3 Bd6
31.a4 bxa4 32.bxa4 Rc7 33.Rb3 Rh4 34.Be4 g4 35.hxg4 Rxg4 36.Rh3 Kg7 37.Rh7+ Kg8
38.Rh5 Kg7 39.f3 Rf4 40.g3 Bc5+ 41.Kg2 Rf6 42.Rh7+ Kf8 43.Rh8+ Kg7 44.Reh1  1-0

[Event "4th Rectors Cup"]
[Site "Belgorod RUS"]
[Date "2008.03.03"]
[Round "8"]
[White "Gubajdullin,A"]
[Black "Solodovnichenko,Y"]
[Result "0-1"]
[WhiteElo "2504"]
[BlackElo "2541"]

1.c4 Nf6 2.Nf3 c6 3.d4 d5 4.Nc3 e6 5.e3 Nbd7 6.Qc2 Bd6 7.g4 Nxg4 8.Rg1 Qf6
9.Rxg4 Qxf3 10.Rxg7 Nf6 11.Bd2 Ng4 12.Rxg4 Qxg4 13.h3 Qh5 14.Be2 Qg6 15.e4 e5
16.dxe5 Bxe5 17.cxd5 Qg1+ 18.Bf1 Bxh3 19.O-O-O Bxf1 20.f4 Bg7 21.d6 O-O-O
22.e5 Qg2 23.Ne4 Kb8 24.Ng5 Rdf8 25.Qb3 Qd5 26.Nxf7 Qc4+ 27.Qxc4 Bxc4 28.Nxh8 Rxh8
29.Rg1 Rg8 30.Rh1 h6 31.Bc3 Be6 32.Rg1 Bf8 33.Rxg8 Bxg8 34.f5 Kc8 35.b3 Bh7
36.Bb4 Bxf5 37.d7+ Kxd7 38.Bxf8 h5 39.Bh6 Ke6 40.Be3 a6 41.Bg5 Kxe5 42.Kd2 Be6
43.Kc3 c5 44.Be7 Kf4 45.Bxc5 h4 46.Bd6+ Kf3 47.Kb4 Kg2 48.Kc5 Bg4 49.a4 h3
50.b4 h2 51.Bxh2 Kxh2 52.Kb6 Bf3 53.b5 axb5 54.Kxb5 Be2+  0-1

[Event "II ch-Ibero-Americano Gp B"]
[Site "Linares ESP"]
[Date "2008.03.04"]
[Round "6"]
[White "Iturrizaga,E"]
[Black "Bruzon Batista,L"]
[Result "1-0"]
[WhiteElo "2470"]
[BlackElo "2607"]

1.d4 Nf6 2.Nf3 e6 3.c4 d5 4.Nc3 c6 5.e3 Nbd7 6.Qc2 Bd6 7.e4 dxe4 8.Nxe4 Nxe4
9.Qxe4 c5 10.Bg5 Be7 11.Bxe7 Qa5+ 12.Ke2 Kxe7 13.g3 Qb4 14.b3 Qa3 15.Bh3 Qb2+
16.Ke3 Qc3+ 17.Ke2 Qb2+ 18.Ke3 Rd8 19.Rhd1 Nf6 20.Qe5 Rd5 21.cxd5 Nxd5+ 22.Kd3 f6
23.Qe2 Nb4+ 24.Ke3 Qc3+ 25.Kf4 e5+ 26.dxe5 g5+ 27.Nxg5 fxg5+ 28.Kxg5 Bxh3
29.Rac1 Rg8+ 30.Kh4 Bg4 31.Rd7+ Ke6 32.Rd6+ Ke7 33.Qe4 Qf3 34.Qxh7+ Qf7 35.Qxf7+ Kxf7
36.Rxc5 Nc6 37.h3 Be6 38.g4  1-0

[Event "24th Open"]
[Site "Bad Woerishofen GER"]
[Date "2008.03.05"]
[Round "7"]
[White "Drozdovskij,Y"]
[Black "Georgiev,Vl"]
[Result "1-0"]
[WhiteElo "2574"]
[BlackElo "2581"]

1.d4 d5 2.c4 c6 3.Nf3 Nf6 4.Nc3 e6 5.e3 a6 6.Bd3 dxc4 7.Bxc4 b5 8.Bd3 c5
9.a4 b4 10.Ne4 Bb7 11.Nxc5 Bxc5 12.dxc5 Nbd7 13.Bd2 Nxc5 14.Bc4 a5 15.Bb5+ Ke7
16.O-O Rc8 17.Nd4 Qd5 18.f3 Rhd8 19.Be1 Kf8 20.Qe2 e5 21.Bc4 Qd7 22.Nb5 Bd5
23.Bxd5 Qxd5 24.Bg3 Qd3 25.Rfe1 Qxe2 26.Rxe2 Nb3 27.Rf1 Nd7 28.f4 e4 29.f5 Ndc5
30.f6 Rc6 31.fxg7+ Kxg7 32.Nd4 Nxd4 33.exd4 Nd3 34.Rxe4 Nxb2 35.Re7 Kg6 36.Rfxf7 Nd3
37.Rg7+ Kf5 38.Rgf7+ Kg6 39.Rg7+ Kf5 40.h3 b3 41.Bh4 Rf8 42.Rg5+ Kf4 43.Rg3 Rc1+
44.Kh2 Rf1 45.Rxd3 b2 46.Re5 Rh1+ 47.Kxh1 b1=Q+ 48.Kh2 Qxd3 49.Bg5+  1-0

[Event "XXIII Open"]
[Site "Reykjavik ISL"]
[Date "2008.03.05"]
[Round "3"]
[White "Genzling,A"]
[Black "Steil Antoni,F"]
[Result "1/2-1/2"]
[WhiteElo "2264"]
[BlackElo "2122"]

1.d4 d5 2.Nf3 Nf6 3.c4 c6 4.Nc3 e6 5.e3 Nbd7 6.Be2 dxc4 7.Bxc4 b5 8.Bd3 a6
9.O-O c5 10.dxc5 Bxc5 11.Ne4 Bb7 12.Nxc5 Nxc5 13.Be2 O-O 14.b3 Qxd1 15.Rxd1 Rfd8
16.Bb2 Nce4 17.Nd4 Rac8 18.Rac1 Rxc1 19.Rxc1 Rc8 20.Rxc8+ Bxc8 21.f3 Nc5
22.e4 Nfd7 23.Kf2 Bb7 24.a4 e5 25.Nf5 bxa4 26.b4 Ne6  1/2-1/2

[Event "XXIII Open"]
[Site "Reykjavik ISL"]
[Date "2008.03.05"]
[Round "3"]
[White "Limontaite,S"]
[Black "Sanchez Castillo,S"]
[Result "1-0"]
[WhiteElo "2152"]
[BlackElo "2312"]

1.d4 d5 2.c4 c6 3.Nc3 Nf6 4.e3 e6 5.Nf3 Nbd7 6.Bd3 dxc4 7.Bxc4 b5 8.Bd3 Bb7
9.e4 b4 10.Na4 c5 11.e5 Nd5 12.Nxc5 Nxc5 13.dxc5 Bxc5 14.O-O h6 15.Nd2 Nc3
16.Qc2 Qd5 17.Nf3 O-O-O 18.Ne1 Qxe5 19.bxc3 bxc3 20.Qe2 Qd6 21.a4 a5 22.Bb5 g5
23.Be3 Bb4 24.Nc2 Qd5 25.f3 Kb8 26.Rab1 Ka8 27.Rxb4  1-0

[Event "58th ch-RUS w 1st liga"]
[Site "Smolensk RUS"]
[Date "2008.03.05"]
[Round "8"]
[White "Karibaeva,E"]
[Black "Solovjova,V"]
[Result "0-1"]
[WhiteElo "2153"]
[BlackElo "2221"]

1.d4 d5 2.c4 c6 3.Nf3 e6 4.e3 Nf6 5.Nc3 Nbd7 6.Qc2 Bd6 7.Bd3 O-O 8.O-O dxc4
9.Bxc4 a6 10.Rd1 Qc7 11.e4 e5 12.h3 b5 13.Be2 Bb7 14.a3 Rfe8 15.dxe5 Nxe5
16.Nd4 Ng6 17.Nf5 Be5 18.Bf3 c5 19.Bg5 Nf4 20.Rac1 Rad8 21.Kh1 c4 22.Rxd8 Rxd8
23.Rd1 Rxd1+ 24.Qxd1 Nd3 25.Qd2 Bf4 26.Bxf4 Qxf4 27.Qxf4 Nxf4 28.Ne3 Nd3
29.Ned1 Nc5 30.e5 Bxf3 31.gxf3 Nh5 32.Nd5 g5 33.Kh2 Kg7 34.N1c3 Nf4 35.Ne3 Nfd3
36.Ncd1 Na4 37.Kg3 Ndxb2 38.Nxb2 Nxb2 39.f4 c3 40.f5 Nc4 41.Nc2 Nxa3  0-1

[Event "ch-UKR Boys u20"]
[Site "Odessa UKR"]
[Date "2008.03.06"]
[Round "2"]
[White "Borsuk,K"]
[Black "Bagrationi,A"]
[Result "1-0"]
[WhiteElo "2297"]
[BlackElo "2178"]

1.d4 d5 2.c4 c6 3.Nc3 Nf6 4.e3 e6 5.Nf3 Nbd7 6.Qc2 Bd6 7.Bd3 dxc4 8.Bxc4 O-O
9.O-O a6 10.Rd1 b5 11.Be2 Qe7 12.e4 e5 13.g3 Re8 14.a3 exd4 15.Nxd4 Nc5 16.Bf3 Be5
17.Nce2 Na4 18.Bg2 c5 19.Nf3 Bb7 20.Nxe5 Qxe5 21.f4 Qh5 22.e5 Bxg2 23.Kxg2 c4
24.Be3 Ng4 25.Bg1 f6 26.h3 Nh6 27.g4 Qf7 28.Ng3 fxe5 29.f5 Qb7+ 30.Kh2 Nf7
31.h4 Qf3 32.g5 Rad8 33.Kh3 h5 34.f6 Qg4+ 35.Kg2 e4 36.Rxd8 Nxd8 37.Rf1 Nf7
38.Be3 Qd7 39.g6 Qd3 40.gxf7+ Kxf7 41.fxg7+ Kxg7 42.Qf2  1-0

[Event "XXIII Open"]
[Site "Reykjavik ISL"]
[Date "2008.03.06"]
[Round "4"]
[White "Adly,A"]
[Black "Gaponenko,I"]
[Result "1-0"]
[WhiteElo "2551"]
[BlackElo "2422"]

1.Nf3 d5 2.c4 c6 3.d4 Nf6 4.Nc3 e6 5.e3 Nbd7 6.Bd3 dxc4 7.Bxc4 b5 8.Bd3 b4
9.Ne4 Nxe4 10.Bxe4 Bb7 11.O-O Bd6 12.a3 bxa3 13.b4 Nf6 14.Bd3 a5 15.b5 c5
16.Bxa3 cxd4 17.Nxd4 Bxa3 18.Rxa3 O-O 19.Qa1 Qd5 20.f3 Rfd8 21.Rc1 Qg5 22.Bf1 Nd5
23.Re1 h6 24.f4 Qe7 25.Nb3 Qb4 26.Nxa5 Nb6 27.Rb1 Qd2 28.Nxb7  1-0

[Event "FSGM March"]
[Site "Budapest HUN"]
[Date "2008.03.07"]
[Round "6"]
[White "Fodor,T jr"]
[Black "Nguyen Huynh Minh Huy"]
[Result "1/2-1/2"]
[WhiteElo "2407"]
[BlackElo "2398"]

1.d4 d5 2.c4 c6 3.Nc3 Nf6 4.Nf3 e6 5.e3 Nbd7 6.Qc2 Bd6 7.b3 O-O 8.Be2 Qe7
9.O-O b6 10.e4 dxe4 11.Nxe4 Nxe4 12.Qxe4 Bb7 13.Bd3 f5 14.Qe2 c5 15.Re1 Rae8
16.Bg5 Qf7 17.Ne5 Nxe5 18.dxe5 Be7 19.Bxe7 Rxe7 20.Rad1  1/2-1/2

[Event "10th WCh-University"]
[Site "Novokuznetsk RUS"]
[Date "2008.03.07"]
[Round "6"]
[White "Bocharov,D"]
[Black "Smirnov,P"]
[Result "1/2-1/2"]
[WhiteElo "2600"]
[BlackElo "2599"]

1.d4 d5 2.c4 e6 3.Nf3 Nf6 4.Nc3 c6 5.e3 Nbd7 6.Qc2 Bd6 7.Bd3 O-O 8.O-O dxc4
9.Bxc4 a6 10.Bd2 c5 11.dxc5 Nxc5 12.Be2  1/2-1/2

[Event "FSGM March"]
[Site "Budapest HUN"]
[Date "2008.03.08"]
[Round "7"]
[White "Bui Vinh"]
[Black "Szabo,Krisz1"]
[Result "0-1"]
[WhiteElo "2482"]
[BlackElo "2500"]

1.d4 d5 2.c4 c6 3.Nc3 Nf6 4.Nf3 e6 5.e3 Nbd7 6.Bd3 dxc4 7.Bxc4 b5 8.Be2 b4
9.Na4 Bb7 10.O-O c5 11.dxc5 Nxc5 12.Bb5+ Ncd7 13.Ne5 Qc7 14.Nxd7 Nxd7 15.a3 Rd8
16.Qe2 Bd6 17.h3 O-O 18.axb4 Bxb4 19.b3 Nf6 20.Bb2 Ne4 21.Rac1 Qe7 22.Rfd1 Nd2
23.Nc5 Bxc5 24.Rxd2 Qg5 25.g4 Bf3 26.Qe1 h5 27.Rxd8 Rxd8 28.Qc3 Bd6 29.Bf1 e5
30.Qc4 hxg4 31.hxg4 e4 32.Bh3 Qh4 33.Qf1 Bxg4  0-1